| 000 | 01507nam a22001817a 4500 | ||
|---|---|---|---|
| 999 |
_c4001 _d4001 |
||
| 020 | _a817611409x | ||
| 022 | _a9788176114097 | ||
| 050 | _aHD62 | ||
| 100 | _aPravin Kumar Tayal | ||
| 245 | _aNew Trends in Risk Management | ||
| 260 |
_aJaipur _bRBSA Publishers |
||
| 300 |
_axi, 180p _cill, 22cm |
||
| 505 | _aRisk Management in Banks in India Emerging sceenario and strategies to meet the emerging challenges and opportunities 1 Risk exposure as a strategic management too-A shift of emphasis in risk management paradigm 19 Customer services in public sector Banks: Expectation and reality 27 Management of NPA's in public sector Banks & Fls Vs Securitisation Act , 2002 49 Business Process outsourcing sector in India: Issues, challenges and strategies 55 NPA @ BANK. COM 63 liberalisation & marketing strategies of Life Insurance Cooperation (LIC) 79 Empirical investigation of benefits from implementation of just in time manufacturing 88 Impact of IPR with reference to Pharmaceutical industries 101 Consumers' preference of life insurance products 108 Market trends and brand preferences of edible oils 123 Risk management 131 Risk management in Banks with reference to Basel 11 139 Corporate governance in Banking and financial institutions 152 Six-sigma: A case study of sun micro systems 160 Relevance of human resource management in Globalized world 169 | ||
| 650 | _aRisk management | ||
| 700 | _aPravin Kumar Tayal | ||
| 710 | _aSugan C. Jain | ||
| 942 | _cBK | ||